000 00589nam a2200229 a 4500
001 nice12345678
003 IN_TiNIC
005 20260116012617.0
008 050524s1989 newa grp 000 0 eng
020 _a
_c200
082 0 0 _a954.92
_bIMA
100 _aImam, Jahanara
245 _aOf Blood and Fire
_b Untold Story of Bangladesh`s War of Independence
260 _aNew Delhi
_bSterling Publishers
_c1989
300 _a246p
500 _aincludes index and biblioraphy
505 2 _aIndex
650 _aBangladesh-History
902 _bSRS
942 _cBK
999 _c7663
_d7663